000 00727nam a22002057a 4500
999 _c2687
_d2687
001 2687
003 BD-JhCC
005 20171106132003.0
008 171106b1965 bg ||||| |||| 00| 0 ben d
035 _a(BD-JhCC)
040 _aBD-JhCC
_dBD-JhCC
041 _aben
082 _a891.4425
_bKAB 1965
100 _aযশোর শিক্ষা বোর্ড
245 _aকাব্য সঞ্চয় /
_cউচ্চ মাধ্যমিক ও মাধ্যমিক শিক্ষা সংসদ যশোর ;
260 _aযশোর :
_bযশোর শিক্ষা বোর্ড ;
_c১৯৬৫
300 _a১৮৭ পৃ. ;
_c২২ সেমি
650 _aBengali Poetry
942 _2ddc
_cBK